| 000 | 00600nam a2200229Ia 4500 | ||
|---|---|---|---|
| 005 | 20250508164515.0 | ||
| 008 | 008 250505s9999 xx 000 0 hin d | ||
| 020 | _a81-7028-303-5 | ||
| 037 | _aTextual | ||
| 040 |
_aFEDL _beng _cFEDL |
||
| 041 |
_ahin _2hin |
||
| 084 |
_a339.46, SEN _qFEDL |
||
| 100 |
_aSen Amatya _9778319 |
||
| 245 | 0 | _aGaribi aur akal | |
| 260 |
_aDelhi, India _bRajpal and Sons _c1999 |
||
| 300 | _a203p. | ||
| 365 |
_aINR _b18 |
||
| 546 | _aMACESE | ||
| 650 |
_aPoverty and famine _9778320 |
||
| 942 |
_cTEXL _h339.46, SEN |
||
| 999 |
_c1389476 _d1389476 |
||